000 00511nam a2200193Ia 4500
999 _c32440
_d32440
003 OSt
005 20200729110839.0
008 190216s9999||||xx |||||||||||||| ||und||
020 _a9788181282941
040 _coclc
082 _a515.9
_bLAN/C
100 _aLang, Serge
_93757
245 0 _aComplex Analysis /
_cSerge Lang
250 _a4th Ed.
260 _bSpringer,
_c2014.
_aNew Delhi:
300 _a485p
650 _aMathematics
942 _cBK
_2ddc
_h515.9
_iLAN/C
_k515.9
_mLAN/C